[Event "Ruhrgebiet Verbandsliga Gruppe 1 1819"]
[Site "Nordrheinwestfalen"]
[Date "2019.05.05"]
[Round "9.2"]
[White "Jungbluth, Rolf"]
[Black "Happel, Heiner"]
[Result "0-1"]
[WhiteElo "1954"]
[BlackElo "2168"]
[PlyCount "96"]
[EventDate "2018.09.23"]
[EventType "team-tourn"]
[EventRounds "9"]
[EventCountry "GER"]
[SourceTitle "EXT 2022"]
[Source "ChessBase"]
[SourceDate "2021.10.06"]
[SourceVersion "1"]
[SourceVersionDate "2021.10.06"]
[SourceQuality "1"]
[WhiteTeam "Erkenschwick II"]
[BlackTeam "Hamm Koenigsspringer"]
[WhiteTeamCountry "GER"]
[BlackTeamCountry "GER"]

1. c4 e6 2. Nc3 f5 3. g3 Nf6 4. Bg2 d5 5. d4 c6 6. Qb3 Be7 7. Nf3 0-0 8. 0-0 Ne4 9. e3 Nd7 10. Re1 Kh8 11. Nd2 Ndf6 12. f3 Nd6 13. a4 b6 14. a5 b5 15. c5 Nf7 16. f4 Ne4 17. Nf1 Bd7 18. a6 g5 19. Bd2 Nh6 20. Nxe4 fxe4 21. Bc3 Nf5 22. Qd1 Bf6 23. Bh3 Qe7 24. Qd2 Qg7 25. fxg5 Bxg5 26. Bxf5 Rxf5 27. Qg2 Raf8 28. Re2 Be8 29. Rae1 Bh5 30. Rc2 Rxf1+ 31. Rxf1 Bxe3+ 32. Rff2 Bf3 33. Qh3 Bxf2+ 34. Rxf2 e3 35. Rf1 e2 36. Re1 Bg4 37. Qg2 Qg5 38. Rxe2 Bxe2 39. Qxe2 Qf5 40. Kg2 Kg7 41. Bd2 h5 42. Bf4 Kg6 43. Bd6 Rf7 44. Bf4 h4 45. h3 hxg3 46. Bxg3 Qe4+ 47. Qxe4+ dxe4 48. Be1 e3 0-1

[Event "Ruhrgebiet Verbandsliga Gruppe 1 1819"]
[Site "Nordrheinwestfalen"]
[Date "2018.12.02"]
[Round "4.2"]
[White "Schreck, Roland"]
[Black "Jungbluth, Rolf"]
[Result "0-1"]
[WhiteElo "2124"]
[BlackElo "1954"]
[PlyCount "138"]
[EventDate "2018.09.23"]
[EventType "team-tourn"]
[EventRounds "9"]
[EventCountry "GER"]
[SourceTitle "EXT 2022"]
[Source "ChessBase"]
[SourceDate "2021.10.06"]
[SourceVersion "1"]
[SourceVersionDate "2021.10.06"]
[SourceQuality "1"]
[WhiteTeam "Bochum-Linden"]
[BlackTeam "Erkenschwick II"]
[WhiteTeamCountry "GER"]
[BlackTeamCountry "GER"]

1. c4 c5 2. g3 Nc6 3. Bg2 g6 4. Nc3 Bg7 5. d3 e5 6. Bd2 d6 7. a3 Nge7 8. Rb1 Rb8 9. b4 0-0 10. h4 h5 11. Nf3 b6 12. Ng5 Nd4 13. Nd5 f6 14. Ne4 Bb7 15. e3 Ne6 16. Nec3 f5 17. Qa4 Nc8 18. Qc2 Kh7 19. Ne2 Ne7 20. 0-0 Nc7 21. e4 Ne6 22. exf5 Nxf5 23. bxc5 dxc5 24. Bc3 Qd7 25. Rbe1 Bc6 26. Qb2 Ned4 27. Nxd4 cxd4 28. Bb4 Rf7 29. Qe2 b5 30. Be4 Bh6 31. Bd2 bxc4 32. dxc4 Rb2 33. Rd1 Ba4 34. Qe1 Bxd1 35. Bxh6 Be2 36. Bc1 Ra2 37. Nb4 Bxf1 38. Nxa2 Bxc4 39. Nb4 Nd6 40. Bc6 Qh3 41. Bg2 Qf5 42. Nc6 Qc2 43. Nxe5 Re7 44. f4 Bd3 45. Qd2 Bf5 46. Qxc2 Bxc2 47. Kf2 Ne4+ 48. Bxe4 Bxe4 49. Bb2 d3 50. Ke3 Bf5 51. Bc3 Rb7 52. Bb4 Rb5 53. Nc4 Rd5 54. Kd2 Kg8 55. Ne3 Rd7 56. Nc4 Rd8 57. Ne5 Rc8 58. Ke3 Rc2 59. Nxd3 Bxd3 60. Kxd3 Rg2 61. Be1 Kf7 62. Ke3 Ke6 63. Bf2 Rh2 64. Kf3 a6 65. g4 hxg4+ 66. Kg3 Rh3+ 67. Kxg4 Rxa3 68. Kg5 Rf3 69. Be1 Rf1 0-1

[Event "NRW Class1 1718"]
[Site "Germany"]
[Date "2018.01.28"]
[Round "5.8"]
[White "Jungbluth, Rolf"]
[Black "Konzen, Horst"]
[Result "1-0"]
[WhiteElo "1869"]
[BlackElo "1956"]
[PlyCount "127"]
[EventDate "2017.09.17"]
[EventType "team-tourn"]
[EventRounds "9"]
[EventCountry "GER"]
[SourceTitle "EXT 2019"]
[Source "ChessBase"]
[SourceDate "2018.10.10"]
[SourceVersion "1"]
[SourceVersionDate "2018.10.10"]
[SourceQuality "1"]
[WhiteTeam "Erkenschwick"]
[BlackTeam "Niederkassel"]
[WhiteTeamCountry "GER"]
[BlackTeamCountry "GER"]

1. c4 e5 2. Nc3 d6 3. g3 g6 4. Bg2 Bg7 5. d3 f5 6. e3 Nf6 7. Nge2 c6 8. 0-0 0-0 9. d4 Qe7 10. b3 a5 11. Bb2 Na6 12. Qd2 Rb8 13. Rad1 e4 14. d5 c5 15. Nb5 b6 16. Nf4 Ne8 17. h4 Rb7 18. Rfe1 Nac7 19. Nxc7 Rxc7 20. Bf1 Bxb2 21. Qxb2 Qg7 22. Rd2 Qxb2 23. Rxb2 Kf7 24. a3 h6 25. b4 axb4 26. axb4 g5 27. Ng2 Nf6 28. Ra1 Ng4 29. bxc5 bxc5 30. Be2 Ne5 31. Rb6 Ke7 32. Ra8 Rb7 33. Rxb7+ Bxb7 34. Ra7 Rb8 35. Ne1 Kd8 36. f4 gxf4 37. exf4 Ng6 38. h5 Ne7 39. g4 fxg4 40. Bxg4 Kc7 41. Be6 Rf8 42. Ng2 Nf5 43. Kf2 Kb6 44. Ra1 Ba6 45. Ne3 Nxe3 46. Kxe3 Bxc4 47. Kxe4 Be2 48. Rb1+ Kc7 49. f5 c4 50. Kd4 Bxh5 51. Kxc4 Be2+ 52. Kd4 h5 53. Rc1+ Kd8 54. Ke3 Bb5 55. Kf4 Be8 56. Kg5 Bd7 57. f6 h4 58. Ra1 Bxe6 59. dxe6 Rg8+ 60. Kxh4 Kc7 61. f7 Rh8+ 62. Kg5 Rh2 63. f8Q Rg2+ 64. Kh4 1-0

[Event "Ruhrgebiet Verbandsliga Gruppe 1 1718"]
[Site "Germany"]
[Date "2018.01.14"]
[Round "5.4"]
[White "Jungbluth, Rolf"]
[Black "Kremer, Moritz"]
[Result "1-0"]
[WhiteElo "1869"]
[BlackElo "1857"]
[PlyCount "67"]
[EventDate "2017.09.17"]
[EventType "team-tourn"]
[EventRounds "9"]
[EventCountry "GER"]
[SourceTitle "EXT 2022"]
[Source "ChessBase"]
[SourceDate "2021.10.06"]
[SourceVersion "1"]
[SourceVersionDate "2021.10.06"]
[SourceQuality "1"]
[WhiteTeam "Erkenschwick II"]
[BlackTeam "Muelheim Nord IV"]
[WhiteTeamCountry "GER"]
[BlackTeamCountry "GER"]

1. c4 c5 2. Nc3 g6 3. e4 Bg7 4. Nge2 Nc6 5. d3 d6 6. Be3 Nf6 7. h3 a6 8. Qd2 Bd7 9. f4 0-0 10. g4 Ne8 11. Bg2 Nd4 12. Ng3 Bc6 13. h4 f5 14. h5 e6 15. hxg6 hxg6 16. gxf5 exf5 17. 0-0-0 Qa5 18. Kb1 Nc7 19. exf5 Nxf5 20. Nxf5 Rxf5 21. Be4 Bxe4 22. dxe4 Bxc3 23. bxc3 Rf7 24. Rdg1 Qb6+ 25. Ka1 Rg7 26. f5 Ne8 27. Qd5+ Kf8 28. Bh6 Qc7 29. f6 Nxf6 30. Rf1 Qe7 31. Bg5 Rf7 32. Qd3 Kg7 33. Qh3 Qe5 34. Qh6+ 1-0

[Event "Ruhrgebiet Verbandsliga Gruppe 1 1718"]
[Site "Germany"]
[Date "2017.12.03"]
[Round "4.4"]
[White "Masberg, Stefan"]
[Black "Jungbluth, Rolf"]
[Result "0-1"]
[WhiteElo "1938"]
[BlackElo "1869"]
[PlyCount "100"]
[EventDate "2017.09.17"]
[EventType "team-tourn"]
[EventRounds "9"]
[EventCountry "GER"]
[SourceTitle "EXT 2022"]
[Source "ChessBase"]
[SourceDate "2021.10.06"]
[SourceVersion "1"]
[SourceVersionDate "2021.10.06"]
[SourceQuality "1"]
[WhiteTeam "Bottrop SV"]
[BlackTeam "Erkenschwick II"]
[WhiteTeamCountry "GER"]
[BlackTeamCountry "GER"]

1. e4 c5 2. Nf3 Nc6 3. d4 cxd4 4. Nxd4 Nf6 5. Nc3 e5 6. Ndb5 d6 7. Bg5 a6 8. Na3 b5 9. Nd5 Be7 10. Bxf6 Bxf6 11. c3 0-0 12. Nc2 Rb8 13. Qf3 Be6 14. Ncb4 Nxb4 15. Nxb4 Qc8 16. Be2 a5 17. Nd5 Bxd5 18. exd5 Be7 19. h4 f5 20. 0-0-0 Bf6 21. Qg3 Kh8 22. Kb1 Qc7 23. Qh3 a4 24. a3 e4 25. f4 Qc5 26. g4 fxg4 27. Bxg4 Rfe8 28. Be6 Qc4 29. Rhe1 Qb3 30. Qe3 b4 31. axb4 a3 32. Qc1 Re7 33. Re2 Qc4 34. Qc2 axb2 35. Rxe4 Qa6 36. Qxb2 Rc7 37. Rc1 Rc4 38. Qe2 Rbxb4+ 39. Kc2 Qa4+ 40. Kd3 Qa6 41. Rxc4 Qxc4+ 42. Ke3 Qxf4+ 43. Kd3 Qc4+ 44. Ke3 Qe4+ 45. Kf2 Bxh4+ 46. Kf1 Qf4+ 47. Kg2 Qg5+ 48. Kh2 Bg3+ 49. Kg2 Be5+ 50. Kf2 Qg3+ 0-1

[Event "Ruhrgebiet Verbandsliga Gruppe 1 1718"]
[Site "Germany"]
[Date "2017.10.08"]
[Round "2.4"]
[White "Claussen, Uwe"]
[Black "Jungbluth, Rolf"]
[Result "0-1"]
[WhiteElo "2029"]
[BlackElo "1869"]
[PlyCount "72"]
[EventDate "2017.09.17"]
[EventType "team-tourn"]
[EventRounds "9"]
[EventCountry "GER"]
[SourceTitle "EXT 2022"]
[Source "ChessBase"]
[SourceDate "2021.10.06"]
[SourceVersion "1"]
[SourceVersionDate "2021.10.06"]
[SourceQuality "1"]
[WhiteTeam "Essen Werden"]
[BlackTeam "Erkenschwick II"]
[WhiteTeamCountry "GER"]
[BlackTeamCountry "GER"]

1. e4 c5 2. Nf3 Nc6 3. d4 cxd4 4. Nxd4 Nf6 5. Nc3 e5 6. Ndb5 d6 7. Bg5 a6 8. Na3 b5 9. Bxf6 gxf6 10. Nd5 f5 11. Bd3 Bg7 12. Qh5 f4 13. 0-0 Be6 14. c4 b4 15. Nc2 a5 16. g3 Bxd5 17. cxd5 Ne7 18. Bb5+ Kf8 19. Rac1 Ng6 20. a4 Bf6 21. Na1 Kg7 22. Rc6 Be7 23. Rfc1 Rg8 24. Rc7 Kh8 25. Qf5 Qf8 26. Kh1 Qh6 27. Nb3 Bg5 28. R1c2 Ne7 29. Qg4 f5 30. exf5 Bf6 31. Qf3 Nxf5 32. Bd3 fxg3 33. fxg3 Nxg3+ 34. Qxg3 Rxg3 35. Rxh7+ Qxh7 36. Bxh7 Rxb3 0-1

[Event "Ruhrgebiet Verbandsklasse Gruppe 1 1415"]
[Site "Germany"]
[Date "2014.11.16"]
[Round "3.6"]
[White "Rumpf, Thomas"]
[Black "Jungbluth, Rolf"]
[Result "0-1"]
[WhiteElo "2028"]
[BlackElo "1902"]
[PlyCount "50"]
[EventDate "2014.09.21"]
[EventType "team-tourn"]
[EventRounds "9"]
[EventCountry "GER"]
[SourceTitle "EXT 2022"]
[Source "ChessBase"]
[SourceDate "2021.10.06"]
[SourceVersion "1"]
[SourceVersionDate "2021.10.06"]
[SourceQuality "1"]
[WhiteTeam "Dortmund Hansa III"]
[BlackTeam "Recklinghausen Laeufer Ost"]
[WhiteTeamCountry "GER"]
[BlackTeamCountry "GER"]

1. e4 c5 2. f4 Nc6 3. Nf3 g6 4. Bb5 Nd4 5. Nxd4 cxd4 6. Qf3 e6 7. Bc4 Qe7 8. 0-0 f5 9. d3 Rb8 10. Nd2 b5 11. Bb3 Bb7 12. Qf2 Qc5 13. a4 a6 14. axb5 axb5 15. exf5 gxf5 16. Nf3 Nf6 17. Qxd4 Bxf3 18. Be3 Bxg2 19. Kxg2 Rg8+ 20. Kf3 Qc6+ 21. Ke2 Rg2+ 22. Rf2 Ng4 23. Rxg2 Qxg2+ 24. Bf2 Qxh2 25. Ra7 Qxf2+ 0-1

[Event "NRW Verbandsliga Group2 1314"]
[Site "Nordrheinwestfalen"]
[Date "2013.11.24"]
[Round "4"]
[White "Jungbluth, Rolf"]
[Black "Hufelschulte, Norbert"]
[Result "1/2-1/2"]
[WhiteElo "1899"]
[BlackElo "2026"]
[PlyCount "38"]
[EventDate "2013.09.08"]
[EventType "team-tourn"]
[EventRounds "9"]
[EventCountry "GER"]
[SourceTitle "EXT 2020"]
[Source "ChessBase"]
[SourceDate "2019.10.17"]
[SourceVersion "1"]
[SourceVersionDate "2019.10.17"]
[SourceQuality "1"]
[WhiteTeam "Recklinghausen Laeufer Ost"]
[BlackTeam "Hamm SVg"]
[WhiteTeamCountry "GER"]
[BlackTeamCountry "GER"]

1. c4 Nf6 2. Nc3 d5 3. cxd5 Nxd5 4. Nf3 c5 5. g3 Nc6 6. Bg2 Nxc3 7. bxc3 e5 8. d3 Be7 9. 0-0 0-0 10. Rb1 Qc7 11. Qc2 Bf5 12. Nd2 Rab8 13. e4 Be6 14. f4 f6 15. Nf3 Qa5 16. Ra1 Rbd8 17. Be3 Rd7 18. Rf2 Rfd8 19. Bf1 Kh8 1/2-1/2

[Event "NRW Verbandsliga Group2 1314"]
[Site "Nordrheinwestfalen"]
[Date "2013.11.03"]
[Round "3.4"]
[White "Jungbluth, Rolf"]
[Black "Buschmann, Andreas"]
[Result "1/2-1/2"]
[WhiteElo "1899"]
[BlackElo "2008"]
[PlyCount "49"]
[EventDate "2013.09.08"]
[EventType "team-tourn"]
[EventRounds "9"]
[EventCountry "GER"]
[SourceTitle "EXT 2020"]
[Source "ChessBase"]
[SourceDate "2019.10.17"]
[SourceVersion "1"]
[SourceVersionDate "2019.10.17"]
[SourceQuality "1"]
[WhiteTeam "Recklinghausen Laeufer Ost"]
[BlackTeam "Horst Emscher"]
[WhiteTeamCountry "GER"]
[BlackTeamCountry "GER"]

1. c4 Nf6 2. Nc3 g6 3. e4 d6 4. d4 Bg7 5. Be2 0-0 6. Bg5 h6 7. Be3 e5 8. d5 Nbd7 9. f3 Ne8 10. g4 a5 11. Qd2 f5 12. 0-0-0 f4 13. Bf2 Nc5 14. Kb1 Kh7 15. h4 Bd7 16. Bf1 a4 17. Nge2 b6 18. Nc1 Rf7 19. Qc2 Bf8 20. Nd3 Qc8 21. g5 h5 22. Nb5 Ng7 23. Nb4 Kh8 24. Rh2 Kh7 25. Bg1 1/2-1/2

[Event "Ruhrgebiet Regionalliga 1213"]
[Site "Nordrheinwestfalen"]
[Date "2012.11.04"]
[Round "3.6"]
[White "Patzer, Joerg"]
[Black "Jungbluth, Rolf"]
[Result "1/2-1/2"]
[WhiteElo "1913"]
[BlackElo "1897"]
[PlyCount "33"]
[EventDate "2012.09.09"]
[EventType "team-tourn"]
[EventRounds "9"]
[EventCountry "GER"]
[SourceTitle "EXT 2020"]
[Source "ChessBase"]
[SourceDate "2019.10.17"]
[SourceVersion "1"]
[SourceVersionDate "2019.10.17"]
[SourceQuality "1"]
[WhiteTeam "Horst Emscher"]
[BlackTeam "Recklinghausen Laeufer Ost"]
[WhiteTeamCountry "GER"]
[BlackTeamCountry "GER"]

1. f4 d5 2. b3 Nf6 3. Nf3 c5 4. e3 Nc6 5. Bb5 Qb6 6. Bxc6+ Qxc6 7. Bb2 g6 8. 0-0 Bg7 9. a4 Bg4 10. d3 Bxf3 11. Qxf3 e6 12. Be5 0-0 13. Nd2 Rad8 14. Rad1 Nd7 15. Bxg7 Kxg7 16. e4 f6 17. Rfe1 1/2-1/2

[Event "Ruhrgebiet VL1 0910"]
[Site "Germany"]
[Date "2010.04.18"]
[Round "9.5"]
[White "Jungbluth, Rolf"]
[Black "Sicars, Thorsten"]
[Result "1/2-1/2"]
[WhiteElo "2159"]
[BlackElo "1943"]
[PlyCount "89"]
[EventDate "2009.09.06"]
[EventType "team-tourn"]
[EventRounds "9"]
[EventCountry "GER"]
[SourceTitle "EXT 2011"]
[Source "ChessBase"]
[SourceDate "2010.11.26"]
[SourceVersion "1"]
[SourceVersionDate "2010.11.26"]
[SourceQuality "1"]
[WhiteTeam "Laeufer Ost"]
[BlackTeam "Wattenscheid IV"]
[WhiteTeamCountry "GER"]
[BlackTeamCountry "GER"]

1. c4 c6 2. Nc3 d5 3. cxd5 cxd5 4. d4 Nf6 5. Nf3 Nc6 6. Bf4 e6 7. e3 Nh5 8. Bg3 Nxg3 9. hxg3 g6 10. Bd3 Bg7 11. 0-0 0-0 12. Rb1 Bd7 13. b4 Rc8 14. Qd2 Re8 15. Rfc1 Bf8 16. b5 Na5 17. Ne5 Bd6 18. Nxd7 Qxd7 19. Nxd5 exd5 20. Qxa5 Bb8 21. b6 a6 22. Qb4 Qe6 23. Re1 Qg4 24. Qb3 Rcd8 25. Be2 Qg5 26. Bf3 Rd6 27. a4 Qd8 28. a5 Qd7 29. Rbc1 h5 30. Rc5 Rd8 31. Rec1 Qe6 32. R1c3 Kg7 33. Kf1 R6d7 34. Rc8 Rd6 35. Rxd8 Rxd8 36. Rc5 Bd6 37. Bxd5 Qf6 38. Rc2 Rd7 39. Bf3 Re7 40. Qb2 Qf5 41. Re2 Qxa5 42. e4 Bb4 43. Rc2 Qxb6 44. e5 a5 45. Be2 1/2-1/2

[Event "Ruhrgebiet VL2 0708"]
[Site "Germany"]
[Date "2007.11.18"]
[Round "3.8"]
[White "Jungbluth, Rolf"]
[Black "Tochtrop, Lothar"]
[Result "0-1"]
[WhiteElo "1920"]
[BlackElo "1872"]
[PlyCount "98"]
[EventDate "2007.09.02"]
[EventType "team"]
[EventRounds "9"]
[EventCountry "GER"]
[SourceTitle "EXT 2009"]
[Source "ChessBase"]
[SourceDate "2008.11.26"]
[SourceVersion "1"]
[SourceVersionDate "2008.11.26"]
[SourceQuality "1"]
[WhiteTeam "Laeufer Ost"]
[BlackTeam "Bottrop"]
[WhiteTeamCountry "GER"]
[BlackTeamCountry "GER"]

1. c4 e5 2. Nc3 Nc6 3. g3 f5 4. Bg2 Nf6 5. e3 Bb4 6. Nd5 0-0 7. a3 Bd6 8. Ne2 Nxd5 9. Bxd5+ Kh8 10. Bg2 f4 11. Nc3 f3 12. Bf1 Qe8 13. Qc2 Be7 14. b4 d6 15. Bb2 Bf5 16. d3 Bg5 17. h4 Bh6 18. Bh3 Bxh3 19. Rxh3 Qd7 20. Rh1 Qg4 21. Nd5 Rac8 22. Qa4 a6 23. b5 axb5 24. Qxb5 Nd8 25. Qb4 Ne6 26. Bc1 Nc5 27. Qc3 c6 28. Nb6 Rce8 29. e4 Bxc1 30. Rxc1 Ne6 31. Qd2 h6 32. Rb1 Nc5 33. Qe3 Ne6 34. Kd2 Rd8 35. Rb4 Nc5 36. Kc3 Na6 37. Rbb1 Nc7 38. Rb4 Qe6 39. Re1 Qf7 40. Kc2 d5 41. exd5 cxd5 42. Qc5 Na6 43. Qb5 Nxb4+ 44. axb4 dxc4 45. Nxc4 Rd5 46. Qb6 Rc8 47. Re3 Rxd3 48. Kxd3 Qxc4+ 49. Kd2 Qc2+ 0-1

[Event "Recklinghausen op 15th"]
[Site "Recklinghausen"]
[Date "2005.08.01"]
[Round "1"]
[White "Jungbluth, Rolf"]
[Black "Savchenko, Aleksij"]
[Result "0-1"]
[WhiteElo "2183"]
[BlackElo "2013"]
[PlyCount "66"]
[EventDate "2005.08.01"]
[EventType "swiss"]
[EventRounds "7"]
[EventCountry "GER"]
[SourceTitle "CBM 107 Extra"]
[Source "ChessBase"]
[SourceDate "2005.09.01"]
[SourceVersion "1"]
[SourceVersionDate "2005.09.01"]
[SourceQuality "1"]

1. c4 e5 2. Nc3 Nc6 3. g3 d6 4. Bg2 g6 5. d3 Bg7 6. e4 Nge7 7. Nge2 Be6 8. Be3 Qd7 9. Qd2 a6 10. Bh6 0-0 11. Nd5 f5 12. f3 Nd4 13. Nxd4 exd4 14. Bxg7 Kxg7 15. 0-0 Bxd5 16. cxd5 c5 17. b4 b6 18. a4 Rac8 19. Qb2 Rb8 20. Rfc1 a5 21. b5 f4 22. Qd2 g5 23. Kf2 Ng6 24. Rg1 Kh8 25. Ke2 Ne5 26. Raf1 Qc8 27. Rc1 Rb7 28. h4 Rbf7 29. hxg5 fxg3 30. Qb2 Nxf3 31. Bxf3 Rxf3 32. Qxd4+ cxd4 33. Rxc8 Re3+ 0-1

[Event "Ruhrgebiet VK1 0405"]
[Site "Ruhrgebiet"]
[Date "2005.03.13"]
[Round "8.5"]
[White "Jungbluth, Rolf"]
[Black "Jopek, Eugeniusz"]
[Result "1-0"]
[WhiteElo "1978"]
[BlackElo "1815"]
[PlyCount "123"]
[EventDate "2004.09.12"]
[EventType "team"]
[EventRounds "9"]
[EventCountry "GER"]
[SourceTitle "EXT 2006"]
[Source "ChessBase"]
[SourceDate "2005.11.24"]
[SourceVersion "1"]
[SourceVersionDate "2005.11.24"]
[SourceQuality "1"]
[WhiteTeam "Recklinghausen Sued"]
[BlackTeam "Essen Werden"]
[WhiteTeamCountry "GER"]
[BlackTeamCountry "GER"]

1. c4 d6 2. d4 g6 3. Nc3 Bg7 4. e4 Nc6 5. Be3 e5 6. d5 Nce7 7. f3 f5 8. Qd2 f4 9. Bf2 Nf6 10. Nge2 Bd7 11. 0-0-0 g5 12. Kb1 b6 13. h4 g4 14. fxg4 Nxg4 15. Ng1 h5 16. Nf3 Bh6 17. Rc1 Ng6 18. Nd1 a5 19. Bd3 Qf6 20. Bg1 Rg8 21. Rc3 Ke7 22. Ra3 a4 23. Bc2 Rgb8 24. Qb4 Ne3 25. Nxe3 fxe3 26. Bxe3 Bxe3 27. Rxe3 Nf4 28. Ng5 Nxg2 29. Rf3 Nf4 30. Rhf1 Bg4 31. R3f2 Kd8 32. Bxa4 Ra5 33. Bc2 Kc8 34. Qd2 Rba8 35. a3 Kb7 36. Qe3 Qe7 37. Rc1 Bd7 38. Bd1 Qd8 39. Rc3 Bg4 40. Qc1 Bxd1 41. Qxd1 Qd7 42. Ka2 Ra4 43. Qb3 Kc8 44. Qb5 Qxb5 45. cxb5 Kd7 46. Rfc2 R4a7 47. Ne6 Nxe6 48. dxe6+ Kxe6 49. Rxc7 Rxc7 50. Rxc7 Rf8 51. Rc6 Rf4 52. Rxb6 Rxe4 53. Rc6 Kd7 54. Rc1 Rf4 55. b6 Rf8 56. a4 Rb8 57. a5 e4 58. Rc7+ Kd8 59. Kb3 d5 60. Rh7 e3 61. Kc3 d4+ 62. Kd3 1-0

[Event "Ruhrgebiet VK1 0405"]
[Site "Ruhrgebiet"]
[Date "2005.01.30"]
[Round "6.5"]
[White "Abicht, Hans Joachim"]
[Black "Jungbluth, Rolf"]
[Result "0-1"]
[WhiteElo "1722"]
[BlackElo "1978"]
[PlyCount "75"]
[EventDate "2004.09.12"]
[EventType "team"]
[EventRounds "9"]
[EventCountry "GER"]
[SourceTitle "EXT 2006"]
[Source "ChessBase"]
[SourceDate "2005.11.24"]
[SourceVersion "1"]
[SourceVersionDate "2005.11.24"]
[SourceQuality "1"]
[WhiteTeam "Dortmund 1926"]
[BlackTeam "Recklinghausen Sued"]
[WhiteTeamCountry "GER"]
[BlackTeamCountry "GER"]

1. d4 d5 2. c4 Nf6 3. Nc3 e6 4. Nf3 c6 5. Qc2 Be7 6. Bg5 0-0 7. e3 Nbd7 8. b3 Qa5 9. c5 b6 10. Bxf6 Nxf6 11. Ne5 Bb7 12. b4 Qxb4 13. Rb1 Qa5 14. Bd3 Rac8 15. 0-0 Ba6 16. Bxa6 Qxa6 17. cxb6 axb6 18. Na4 b5 19. Nc5 Qa7 20. Rfc1 Bd6 21. Ned3 Rc7 22. Qe2 Ra8 23. Rb2 Ne8 24. f4 Bxc5 25. Rxc5 Nd6 26. Ne5 Nc4 27. Rc2 Qb6 28. Qf3 Ra3 29. Nxc4 bxc4 30. Qe2 Rb7 31. Kf2 g6 32. g4 Ra5 33. Rxa5 Qxa5 34. Rb2 Rb5 35. e4 Qb6 36. Rxb5 Qxd4+ 37. Qe3 Qxe3+ 38. Kxe3 0-1

[Event "Ruhrgebiet VK1 0405"]
[Site "Ruhrgebiet"]
[Date "2004.11.07"]
[Round "3.5"]
[White "Jungbluth, Rolf"]
[Black "Schulze, Hans"]
[Result "0-1"]
[WhiteElo "1978"]
[BlackElo "1901"]
[PlyCount "74"]
[EventDate "2004.09.12"]
[EventType "team"]
[EventRounds "9"]
[EventCountry "GER"]
[SourceTitle "EXT 2006"]
[Source "ChessBase"]
[SourceDate "2005.11.24"]
[SourceVersion "1"]
[SourceVersionDate "2005.11.24"]
[SourceQuality "1"]
[WhiteTeam "Recklinghausen Sued"]
[BlackTeam "Bochum-Linden"]
[WhiteTeamCountry "GER"]
[BlackTeamCountry "GER"]

1. c4 e5 2. Nc3 Nf6 3. g3 Nc6 4. Bg2 Bc5 5. e3 0-0 6. Nge2 Re8 7. d3 d6 8. 0-0 Bf5 9. Na4 Bb6 10. a3 Qc8 11. Re1 Bg4 12. b4 Qf5 13. Bb2 Nd8 14. Bc3 c6 15. Nxb6 axb6 16. e4 Qh5 17. Qd2 Ne6 18. Qe3 Ng5 19. f4 Nf3+ 20. Bxf3 Bxf3 21. Nc1 c5 22. Ra2 Bg4 23. fxe5 dxe5 24. bxc5 bxc5 25. Qxc5 Bh3 26. Qf2 Re6 27. Nb3 Ng4 28. Qf5 Qxf5 29. exf5 Rf6 30. Nc5 Rxf5 31. Nxb7 Ra6 32. Bd4 Raf6 33. Raa1 h5 34. Bc5 Rf2 35. Bxf2 Rxf2 36. Re4 Rg2+ 37. Kh1 Nf2# 0-1

[Event "Ruhrgebiet VL2 0304"]
[Site "Ruhrgebiet"]
[Date "2004.03.28"]
[Round "8.4"]
[White "Jungbluth, Rolf"]
[Black "Grodotzki, Thomas"]
[Result "1/2-1/2"]
[WhiteElo "1986"]
[BlackElo "2018"]
[PlyCount "80"]
[EventDate "2003.09.28"]
[EventType "team"]
[EventRounds "9"]
[EventCountry "GER"]
[SourceTitle "EXT 2007"]
[Source "ChessBase"]
[SourceDate "2006.11.23"]
[SourceVersion "1"]
[SourceVersionDate "2006.11.23"]
[SourceQuality "1"]
[WhiteTeam "Recklinghausen Sued"]
[BlackTeam "Wacker Bergeborbeck"]
[WhiteTeamCountry "GER"]
[BlackTeamCountry "GER"]

1. c4 e5 2. Nc3 Nf6 3. g3 Bb4 4. Bg2 0-0 5. e3 Re8 6. Nge2 Bxc3 7. Nxc3 c5 8. d3 Nc6 9. 0-0 d6 10. e4 Nd4 11. Ne2 Nxe2+ 12. Qxe2 Nd7 13. Bd2 Nf8 14. Rab1 Ne6 15. Bc3 a5 16. f4 f6 17. Qf2 Qc7 18. b3 Bd7 19. a4 Nd4 20. f5 Qb6 21. Bxd4 cxd4 22. Qd2 Qc5 23. g4 Rf8 24. Bf3 Be8 25. h4 Qb4 26. Rf2 Qxd2 27. Rxd2 Ra6 28. Bd1 Kf7 29. b4 axb4 30. Rxb4 Bc6 31. Kf2 Ke7 32. Kg3 Kd7 33. g5 Kc7 34. Kg4 Raa8 35. Rg2 g6 36. Rf2 gxf5+ 37. exf5 Rg8 38. Rfb2 Rab8 39. Kh5 Rbe8 40. Kg4 Rb8 1/2-1/2

[Event "Recklinghausen op 13th"]
[Site "Recklinghausen"]
[Date "2002.08.23"]
[Round "7"]
[White "Eismont, Igor"]
[Black "Jungbluth, Rolf"]
[Result "1/2-1/2"]
[WhiteElo "2264"]
[BlackElo "2153"]
[PlyCount "104"]
[EventDate "2002.08.19"]
[EventType "swiss"]
[EventRounds "9"]
[EventCountry "GER"]
[SourceTitle "CBM 089 Extra"]
[Source "ChessBase"]
[SourceDate "2002.09.10"]
[SourceVersion "2"]
[SourceVersionDate "2002.09.10"]
[SourceQuality "1"]

1. d4 d5 2. c4 e6 3. Nc3 Nf6 4. Nf3 Be7 5. e3 0-0 6. Bd3 Nbd7 7. 0-0 dxc4 8. Bxc4 c5 9. Qe2 a6 10. a4 Qc7 11. Rd1 h6 12. h3 cxd4 13. exd4 Nb6 14. Bd3 Nbd5 15. Nxd5 exd5 16. Ne5 Bd6 17. Bf4 Be6 18. Qf3 Rfd8 19. Bxh6 Bxe5 20. dxe5 Qxe5 21. Be3 d4 22. Bf4 Qd5 23. Qxd5 Nxd5 24. Bd2 Rac8 25. Rdc1 f6 26. h4 Kf7 27. a5 Rxc1+ 28. Rxc1 Rc8 29. Rxc8 Bxc8 30. Kf1 Ke7 31. Ke2 Kd6 32. b4 Ke5 33. g3 Nc3+ 34. Kf3 Kd5 35. Kf4 Bd7 36. h5 Nb5 37. g4 Nd6 38. Bf1 Nc4 39. Bc1 Nd6 40. Bd2 Nc4 41. Bg2+ Kd6 42. Bc1 d3 43. Bxb7 Bb5 44. Kf5 Ke7 45. Be3 Nxe3+ 46. fxe3 d2 47. Bf3 Bd3+ 48. Kf4 Kd6 49. Bd1 Kd5 50. Bb3+ Bc4 51. Bd1 Bd3 52. Bb3+ Bc4 1/2-1/2